000 00440nam a2200145Ia 4500
008 100204s9999 xx 000 0 und d
082 _b15154
100 _aनलिनी दत्तात्रेय
245 _aअसे हे जग
260 _b"अंजली प्रकाशन, पुणे"
_c1991
300 _a70
630 _aअसे हे जग
730 _aअसे हे जग
942 _cBOOK
999 _c459585
_d459582